| 000 | 00348nam a22001217a 4500 | ||
|---|---|---|---|
| 008 | 230619b xxu||||| |||| 00| 0 eng d | ||
| 082 |
_a100 _bCAS |
||
| 100 | _cCarothers, John Colin | ||
| 245 |
_aAn Essay On Man _bAn Introduction to a Philosophy of Human Culture |
||
| 260 |
_aLondon _bYale University Press _c1944 |
||
| 300 | _a237p | ||
| 942 |
_2ddc _cBK |
||
| 999 |
_c1153 _d1153 |
||